01328 2200289 4500001002100000005001500021035002000036007000300056008004100059020002200100082001000122084001900132100002200151245006600173250003400239300003000273650001000303700003400313504002900347520050200376264005400878336002100932337003000953338002300983990001601006990001601022INLIS00000000116349520240703105643 a0010-1223000004ta240703 e 0 ind  a978-623-359-188-1 a170.1 aSR 170.1 LAS e0 aLasiyoepengarang1 aEtika :bteori dan implementasi /cLasiyo, Dela Khoirul Ainia aCetakan Pertama, Oktober 2023 aviii, 92 halaman ;c23 cm 4aEtika0 aDela Khoirul Ainiaepengarang aBibliografi : halaman 87 aDalam buku ini akan dijelaskan tentang ruang lingkup etika. sejarah perkembangan etika, etika dalam dunia Timur. dan etika Pancasila. Pembahasan yang ada pada bab buku ini bertujuan untuk memberikan gambaran dan pemahaman tentang teori serta implementasi etika dalam kehidupan sehari-hari. Dalam praktik kehidupan, seseorang akan dihadapkan pada berbagai pilihan bersikap sehingga seseorang bebas dalam menentukan pilihannya, namun tetap sesuai dengan norma dan nilai yang berlaku dalam kehidupan. aYogyakarta :bGadjah Mada University Press,c2023 2rdacontentateks 2rdamediaatanpa perantara 2rdacarrieravolume a52314.65134 a53015.65835